1278 1647 1395 1584 1886 1843 1871 1204 1357 1820 1984 1946 1493 1243 1674 1574 1490 1145 1704 1000 1614 1279 1448 1024 1935 1017 1793 1366 1191 1681 1228 1818 1475 1603 1692 1769 1446 1790 1533 1699 1659 1386 1679 1738 1361 1736 1673 1308 1516 1327 1515 1513 1144 1855 1118 1145 1269 1229 1282 1819 1385 1234 1107 1205 1455 1831 1628 1931 1647 1450 1339 1543 1125 1557 1738 1052 1931 1180 1830 1661 1917 1254 1836 1318 1971 1248 1363 1919 1563 1898 1852 1424 1236 1820 1990 1350 1973 1451 1789 BCNSPRNW ULIB Ver.6.0+V

เปลี่ยนเป็นภาษาไทย

Change to English
 แสดงรายละเอียดบรรณานุกรม
  กลับหน้าหลัก

Brief Record : Get Marc (ISO 2709) : E-mail record : QR code < ปิดหน้าต่าง
LEADER : 00000nam 2200000uu 4500
001    13399113188
003     ULIB
008    111003s2549||||th 000 0 tha d
020    9741304501
050  4 QA276^bก411ห 2549
100 0  กัลยา วานิชย์บัญชา
245 10 หลักสถิติ /^cกัลยา วานิชย์บัญชา
250    พิมพ์ครั้งที่ 8
260    กรุงเทพฯ :^bโรงพิมพ์แห่งจุฒาลงกรณ์มหาวิทยาลัย,^c2549
300    491 หน้า :^bภาพประกอบ
650  4 สถิติ
650  4 คณิตศาสตร์สถิติ
650  4 สถิติศาสตร์
710 2  จุฬาลงกรณ์มหาวิทยาลัย. ^bคณะพาณิชยศาสตร์และการบัญชี.^bภาควิชาสถิติ
945    ^p290^l0^i012989
945    ^p290^l0^i012990
945    ^p290^l0^i012991
945    ^p290^l0^i021694
945    ^p290^l0^i021695
945    ^p290^l0^i021696
995    ทศพร
999 ^a ทศพร
รายการนี้ยังไม่มีแท็ก
คุณยังไม่ได้ล็อกอิน คุณสามารถมีกิจกรรมร่วมกับเว็บไซต์ได้ แต่ต้องล็อกอินก่อน ::
  ล็อกอิน

รายการสื่อสารสนเทศ

ลำดับที่ ประเภท เลขเรียก/บาร์โค้ด สถานที่ สถานะ
- ไม่พบข้อมูล -

รายการใกล้เคียง
    ผู้แต่ง [กัลยา วานิชย์บัญชา]

    หัวเรื่อง [สถิติ]
    หัวเรื่อง [คณิตศาสตร์สถิติ]
    หัวเรื่อง [สถิติศาสตร์]

BibComment


ยังไม่เคยถูกคอมเมนท์

คอมเมนท์ทรัพยากรรายการนี้
  คอมเมนท์: หลักสถิติ กัลยา ..


 Copyright 2026. Bcnsprnw @Library